| 000 -LEADER |
| fixed length control field |
00945nam a22001457a 4500 |
| 008 - FIXED-LENGTH DATA ELEMENTS--GENERAL INFORMATION |
| fixed length control field |
210712b ||||| |||| 00| 0 eng d |
| 100 ## - MAIN ENTRY--PERSONAL NAME |
| Personal name |
Debnath, S., Choudhury, J. and Das S. |
| 245 ## - TITLE STATEMENT |
| Title |
Determinants of social exclusion: A study on the persons with disestablishes of Tripura in North East India of |
| 260 ## - PUBLICATION, DISTRIBUTION, ETC. (IMPRINT) |
| Place of publication, distribution, etc |
IASSI Quarterly: Contributions to Indian Social Science 39(4), Oct-Dec, 2020: p.581-597 |
| 300 ## - PHYSICAL DESCRIPTION |
| Extent |
39(4), Oct-Dec, 2020: p.581-597 |
| 520 ## - SUMMARY, ETC. |
| Summary, etc |
Persons with disabilities (PWDs) are among the most marginalized, impoverished section of society trapped in a vicious cycle of poverty, deprivation and social exclusion. Most of the PWDs are facing several barriers that limit their participation in mainstream societal activates, thereby leading adorer less secluded life. – Reproduced |
| 773 ## - HOST ITEM ENTRY |
| Main entry heading |
IASSI Quarterly: Contributions to Indian Social Science |
| 906 ## - LOCAL DATA ELEMENT F, LDF (RLIN) |
| Subject DIP |
SOCIAL PROBLEMS - TRIPURA |
| 942 ## - ADDED ENTRY ELEMENTS (KOHA) |
| Item type |
Articles |